Biggest City in Each Florida County on a Map - Statistics

General Stats
  • This quiz has been taken 48 times
  • The average score is 28 of 67
Answers on the Map
Answers color-coded by a green-red scale on the quiz's map according to % correct below.
 
Answer Stats
Answer % Correct
Miami
97%
Key West
95%
Orlando
95%
Fort Lauderdale
92%
Tallahassee
92%
Jacksonville
90%
St. Petersburg
90%
Pensacola
87%
West Palm Beach
85%
Gainesville
82%
Port St. Lucie
77%
Cape Coral
72%
Kissimmee
72%
Naples
72%
Ocala
72%
Panama City
72%
Lakeland
67%
Bradenton
64%
Deltona
64%
Palm Bay
64%
Okeechobee
56%
Lake City
51%
Palm Coast
51%
Sanford
46%
North Port
44%
Sebring
44%
Crestview
38%
Port Charlotte
36%
Palatka
33%
Port St. Joe
33%
Apalachicola
31%
Sebastian
31%
Yulee
31%
Arcadia
28%
Madison
28%
Perry
28%
Spring Hill
28%
Starke
28%
Jasper
26%
Macclenny
26%
Marianna
26%
Clermont
23%
Quincy
23%
Blountstown
21%
Clewiston
21%
Lake Butler
21%
Mayo
21%
Monticello
21%
Moore Haven
21%
WesleyChapel
21%
Wildwood
21%
Bonifay
18%
Bristol
18%
Chipley
18%
Cross City
18%
Homosassa Springs
18%
Live Oak
18%
Trenton
18%
Wauchula
18%
Navarre
13%
St. Johns
10%
Lakeside
8%
Palm City
8%
Williston
8%
Miramar Beach
5%
Sopchoppy
5%
Tamps
3%
No matching quizzes found
Score Distribution
Percent of People with Each Score
Percentile by Number Answered
Your Score History
You have not taken this quiz